000 00326pam a2200157a 44500
008 230515b1901 xxu||||| |||| 00| 0 eng d
020 _a0
041 _aENGLISH
082 _a0 KHE
100 _aKHEMRAJ S.D.
245 _aSHALIGRAMNIGHNTU
250 _a0
260 _aNULL
_bN.D.
_c1901
300 _a0
650 _aN.D.
999 _c488632
_d488632